000 00537nam a22001932 4500
001 0000003183
005 20170406114821.0
008 140528s xx 000 0 eng d
020 _c$
040 _aYour Holding Symbol
_cYour Holding Symbol
100 1 _aChase Linwood W.
245 1 2 _aA guide for the elemerntary social studies teacher.
250 _a2nd ed.
260 _aBoston :
_bAllN and Bacon,
_c1972.
300 _a304 p. ;
_c cm.
504 _aindex.
650 0 _asocial studies.
908 _a140528
999 _c3062
_d3062